000 00552nam a2200181Ia 4500
008 151018s9999 xx 000 0 und d
082 _bRBASDV27178
_a891.463
100 _aशंकर शेष
245 _aखजुराराहोची अलका
250 _b1
260 _bक्ष
_c1996
300 _a144
600 _aशंकर शेष
630 _aखजुराराहोची अलका
700 _aशंकर शेष
730 _aखजुराराहोची अलका
942 _cBOOK
999 _c1026772
_d1026769